000 00289nam a2200109Ia 4500
008 200302s9999 xx 000 0 und d
100 _aR. N. Sharma & Other
245 _aIssues in Urban Development A Case of Navi Mumbai
260 _bRawat Publications
260 _c2001
300 _a336 P.,
999 _c5606
_d5606